banner koha

Documento da camara de pragas e doencas (Registro n. 321077)

MARC details
000 -LÍDER
campo de controle de tamanho fixo 01135naa a22002777a 4500
001 - NÚMERO DE CONTROLE
campo de controle BR8905525
003 - IDENTIFICADOR DO NÚMERO DE CONTROLE
campo de controle BR-BrBNA
005 - DATA E HORÁRIO DA ÚLTIMA TRANSAÇÃO
campo de controle 20240918180548.0
007 - CAMPO FIXO DE DESCRIÇÃO FÍSICA--INFORMAÇÃO GERAL
campo de controle de tamanho fixo ta
008 - CAMPO DE DADOS FIXOS--INFORMAÇÃO GERAL
campo de controle de tamanho fixo 230509b bl.||||| |||| 00| 0 por d
040 ## - FONTE DA CATALOGAÇÃO
Instituição da catalogação original BR-BrBNA
Idioma da catalogação por
Instituição que transcreveu o registro Biblioteca Nacional de Agricultura
041 ## - CÓDIGO DE IDIOMA
Código do idioma do texto/trilha sonora ou título diferente (Pt)
072 ## - CÓDIGO DE CATEGORIA DE ASSUNTO
Código de Categoria de Assunto H10; H20
090 ## - NÚMERO DE CHAMADA LOCAL
Número de chamada H10 BR8905525
100 1# - ENTRADA PRINCIPAL--NOME PESSOAL
Nome pessoal Viegas, E. de C.
111 1# - ENTRADA PRINCIPAL--NOME DO EVENTO
Nome do evento ou lugar 2. Congresso de Engenheiros Agronomos do Estado do Rio de Janeiro
Local do evento Rio de Janeiro, RJ (Brazil)
Data do evento ou assinatura do tratado 4-7 Oct 1982
245 1# - TÍTULO
Título Documento da camara de pragas e doencas
260 3# - PUBLICAÇÃO, DISTRIBUIÇÃO, ETC.
Local de publicação, distribuição, etc. Rio de Janeiro, RJ (Brasil):
Data da publicação, distribuição, etc. 1982.
500 ## - NOTA GERAL
Nota geral Anais do 2. Congresso de Engenheiros Agronomos do estado do Rio de Janeiro. Terra, migracao, abastecimento<br/>Rio de Janeiro, RJ (Brasil): 1982. p. 72-74<br/>(BR8905525-AM)H10<br/>
650 ## - ASSUNTO--TERMO TÓPICO
Cabeçalho tópico ou nome geográfico PRAGA DE PLANTA
650 ## - ASSUNTO--TERMO TÓPICO
Cabeçalho tópico ou nome geográfico DOENCA DE PLANTA
650 ## - ASSUNTO--TERMO TÓPICO
Cabeçalho tópico ou nome geográfico AGROTOXICO
773 0# - ENTRADA ANALÍTICA
Título Anais do 2. Congresso de Engenheiros Agronomos do estado do Rio de Janeiro. Terra, migracao, abastecimento
Número de controle do registro H10 BR8905525
Partes relacionadas Rio de Janeiro, RJ (Brasil), 1982. p. 72-74
909 ## -
-- 202404
-- Lucia
-- 55
-- Lucia Elande
942 ## - ELEMENTOS DE ENTRADA ADICIONADOS (KOHA)
Tipo de material Koha Capítulo-Livro
Fonte da classificação ou esquema de arquivamento na estante Classificação AGRIS
Exemplares
Situação do descarte Fonte da classificação ou esquema de arquivamento na estante Situação física Não pode ser emprestado Coleção Biblioteca de origem Biblioteca atual Localização na estante Total de empréstimos Número de telefone completo Data de último acesso Número do exemplar Tipo de material Koha Situação das perdas Data de aquisição Fonte de aquisição
  Classificação AGRIS       Biblioteca Nacional de Agricultura - Binagri Biblioteca Nacional de Agricultura - Binagri Agrobase - Acervo Geral   E11 BR8905518 20/05/2024 01 Capítulo-Livro   2024-04-11 Portaria Interministerial nº 164/94

BINAGRI

Telefone: (61)3218-2567/2388/3357/2097 - binagri@agro.gov.br

Ministério da Agricultura e Pecuária , Esplanada dos Ministérios, Bloco D, Anexo B, Brasília/DF, CEP: 70.043-900